[Event "Linares 12th"]
[Site "Linares"]
[Date "1994.??.??"]
[Round "4"]
[White "Kamsky, Gata"]
[Black "Bareev, Evgeny"]
[Result "1/2-1/2"]
[WhiteElo "2695"]
[BlackElo "2685"]
[Annotator "Hertneck,G"]
[PlyCount "86"]
[EventDate "1994.02.??"]
[EventType "tourn"]
[EventRounds "13"]
[EventCountry "ESP"]
[EventCategory "18"]
[SourceTitle "CBM 040"]
[Source "ChessBase"]
[SourceDate "1994.06.01"]
[SourceVersion "1"]
[SourceVersionDate "1994.06.01"]
[SourceQuality "1"]

1. d4 d5 2. c4 c6 3. Nc3 Nf6 4. Nf3 a6 5. a4 e6 6. g3 $6 dxc4 $1 7. Bg2 c5 $1
8. O-O $146 (8. dxc5 Qxd1+ 9. Nxd1 Nc6 10. Ne3 Bxc5 11. Nxc4 Ke7 $10 {Bareev,
E-Shirov,A/Groningen/1993}) 8... cxd4 (8... Nc6 9. Ne5 $5 $44 {Shirov}) 9. Nxd4
Bc5 10. Be3 Qe7 11. Nc2 O-O 12. a5 Nc6 13. Na4 Bxe3 14. Nxe3 Rd8 15. Qe1 Nd4 $1
16. Nb6 Rb8 17. Rd1 e5 18. Nexc4 Bg4 $36 19. Rd2 e4 20. h3 Be6 21. Qd1 Nc6 22.
Qa4 Rxd2 23. Nxd2 e3 $1 24. Ndc4 (24. fxe3 Bxh3 $1) 24... exf2+ 25. Rxf2 Qc7
26. Qa3 Nxa5 $1 27. Qxa5 Bxc4 28. Nxc4 Qxc4 29. Bxb7 $1 $10 Qb3 30. Bf3 Qe6 31.
Kg2 Rxb2 32. Rf1 g6 33. Ra1 Rxe2+ 34. Bxe2 Qxe2+ 35. Kg1 Qe3+ 36. Kg2 Qe4+ 37.
Kh2 Qe2+ 38. Kg1 Qe3+ 39. Kg2 Ne4 40. Qe1 Qb6 41. Rb1 Qc6 42. Qc1 Qd5 43. Kh2
Kg7 1/2-1/2

[Event "Linares 12th"]
[Site "Linares"]
[Date "1994.??.??"]
[Round "5"]
[White "Illescas Cordoba, Miguel"]
[Black "Kamsky, Gata"]
[Result "0-1"]
[WhiteElo "2590"]
[BlackElo "2695"]
[Annotator "Knaak,R"]
[PlyCount "76"]
[EventDate "1994.02.??"]
[EventType "tourn"]
[EventRounds "13"]
[EventCountry "ESP"]
[EventCategory "18"]
[SourceTitle "CBM 040"]
[Source "ChessBase"]
[SourceDate "1994.06.01"]
[SourceVersion "1"]
[SourceVersionDate "1994.06.01"]
[SourceQuality "1"]

1. c4 Nf6 2. Nc3 g6 3. e4 d6 4. d4 Bg7 5. f3 O-O 6. Be3 c5 7. Nge2 Nc6 8. d5
Ne5 9. Nc1 $5 (9. Ng3) 9... e6 10. Be2 exd5 11. cxd5 a6 12. a4 Nh5 13. g4 $5 (
13. O-O f5 $13) 13... Nf6 14. g5 (14. h3 Rb8 15. Kf2 b5 16. axb5 axb5 17. Nxb5
Nxf3 18. Kxf3 Nxe4 19. Kg2 Bxb2 20. Rb1 Be5 21. Bf3 Qh4 22. Ne2 f5 $44 {
Akesson,R-Winsnes,R/Stockholm Rilton-Cup/1987/}) 14... Ne8 15. f4 Nd7 16. Qc2
Qe7 17. Nb3 Nc7 18. O-O-O Re8 19. e5 $4 (19. Bf3 Nb6 20. Bf2 Bxc3 21. bxc3 Nxa4
22. h4 $40) 19... Nxe5 $1 20. fxe5 Qxe5 21. Bd2 (21. Bg1 Qxg5+ 22. Qd2 Qg2 $19)
21... Bf5 22. Bd3 c4 $1 23. Bxf5 cxb3 24. Qxb3 Qxf5 25. Qxb7 Bxc3 $1 26. Bxc3
Re2 $19 27. Qb3 (27. Rd2 Rxd2 28. Bxd2 Rc8 $19) 27... Nb5 28. Rhf1 (28. axb5
axb5 $19) 28... Qxg5+ 29. Kb1 Nxc3+ 30. Qxc3 Rb8 31. b3 Qe5 32. Rd3 Qe8 33. h4
Rc8 34. Qd4 h5 35. Rc1 Rxc1+ 36. Kxc1 Re4 37. Qf2 Qe5 38. Qd2 Re1+ 0-1

[Event "Linares 12th"]
[Site "Linares"]
[Date "1994.??.??"]
[Round "6"]
[White "Kamsky, Gata"]
[Black "Topalov, Veselin"]
[Result "1/2-1/2"]
[WhiteElo "2695"]
[BlackElo "2640"]
[Annotator "Hansen,Cu"]
[PlyCount "122"]
[EventDate "1994.02.??"]
[EventType "tourn"]
[EventRounds "13"]
[EventCountry "ESP"]
[EventCategory "18"]
[SourceTitle "CBM 040"]
[Source "ChessBase"]
[SourceDate "1994.06.01"]
[SourceVersion "1"]
[SourceVersionDate "1994.06.01"]
[SourceQuality "1"]

1. d4 Nf6 2. Nf3 d5 3. c4 e6 4. Nc3 c5 5. cxd5 cxd4 6. Qxd4 Nxd5 7. e4 Nxc3 8.
Qxc3 Nc6 9. Bb5 Bd7 (9... Qb6 10. Bxc6+ Qxc6 11. Qxc6+ bxc6 12. O-O (12. Be3
Bb4+ 13. Bd2 Be7 14. O-O-O f6 15. Nd4 Bd7 16. Ba5 e5 17. Nc2 Be6 18. Kb1 Kf7
19. Bb4 Rab8 20. Bxe7 Kxe7 21. Rd2 Rhd8 {0,5/Akesson,R-Adamski,J/Polanica
Zdroj/1981/}) 12... Be7 13. Be3 O-O 14. Rfc1 $14 {Muresan,M-Savereide,D/
Tbilisi/1982/}) 10. O-O (10. Bd2 Qb6 11. Be2 Bc5 12. O-O O-O 13. Rac1 Nd4 $15 {
Kachar,V-Pavlovichev,Y/Podolsk/1991/}) 10... Qb6 11. a4 (11. Ba4 Qc5 (11... Qb4
12. Qxb4 Bxb4 13. Rd1 f6 14. Be3 Ke7 $10 {Belov,I-Pavlovichev,Y/Podolsk/1990/})
12. Qd3 (12. Qb3 Qb4 13. Qc2 Qc5 14. Qe2 a6 15. a3 b5 16. b4 Qh5 17. Bb3 Be7
18. Rd1 Ne5 $10 {Hansen,LB-Stein,B/Kopenhagen open/1989/}) 12... Qd6 13. Qe2 a6
14. Rd1 Qc7 15. Bxc6 Bxc6 16. Nd4 {0,5/Miles,A-Ribli,Z/Baden Baden/1981/})
11... Qc5 12. Bd2 (12. Qd3 Qd6 (12... a6 13. Rd1 Qe7 14. Bc4 Rd8 15. Be3 Bc8
16. Qc2 Rxd1+ 17. Rxd1 Qc7 $13 {Chumichev,N-Pavlovichev,Y/Moskva/1972/}) 13.
Qe2 Be7 (13... a6 14. Rd1 Qc7 15. Bc4 (15. Bxc6 Bxc6 16. Bg5 h6 17. Be3 Bd6 $10
{Gurevich,M-Epishin,V/Biel izt/1993/}) 15... Na5 16. Bd5 Bb4 17. Bg5 O-O $15 {
Makarov,V-Pavlovichev,Y/Podolsk/1979/}) 14. Bd2 (14. g3 e5 15. Rd1 Qc7 16. Rxd7
Qxd7 17. Nxe5 Qe6 18. Nxc6 bxc6 19. Bc4 Qg6 20. f4 $44 {Van Wely,L-Hoeksema,H/
NL-ch/1993/}) 14... a6 15. e5 Qc7 16. Bd3 Nb4 17. Rfc1 Bc6 18. Bxb4 Bxb4 19.
Nd4 $16 {Damljanovic,B-Grosar,A/Vidmar mem/1989/}) (12. Be3 Qxc3 13. bxc3 a6
14. Be2 Bd6 15. Rfb1 O-O-O 16. Rb2 Bc7 $10 {Rohde,M-Ruban,V/Tilburg/1992/})
12... Qxc3 13. Bxc3 a6 14. Bc4 Rg8 15. Rfd1 {0,5/Mikhalchishin,A-Georgadze,Ta/
URS-ch/1978/} Bb4 16. Bxb4 Nxb4 17. Ne5 Bc6 18. Bb3 Ke7 19. f3 (19. Rd4 f6 20.
Ng4 a5 21. e5 f5 22. Ne3 Rgd8 23. Rad1 Rxd4 24. Rxd4 Na6 25. g4 $14 {Gorbatov,
A-Pavlovichev,Y/Podolsk/1991/}) 19... Rgd8 20. Kf2 Be8 $1 21. Ke2 f6 22. Nc4 b5
$15 {><d4, ץb3} 23. Ne3 Nc6 24. Rxd8 Rxd8 25. Bd1 Nd4+ 26. Ke1 Rc8 (26... b4
27. Rc1 $132) 27. axb5 Bxb5 {/\g7-g5,h7-h5-h4} 28. h4 $1 Kd6 29. Ba4 f5 {
/\30. - fxe4 31.fxe4 Ke5} 30. Bxb5 axb5 31. Rd1 Ke5 32. Kf2 Ra8 (32... fxe4 $4
33. f4+ $18) 33. exf5 exf5 34. g3 $10 Ra2 35. Rd2 h5 36. Nd1 b4 $6 37. Ne3 Ra6
38. Ng2 {/\Nf4, קh5} Ne6 39. Rc2 Kd4 (39... Rd6 $10) 40. Ne3 Kd3 $2 (40... f4
$2 41. gxf4 Nxf4 42. Rc4+ Ke5 43. Re4+) (40... g6 $10) 41. Rc1 {/\Rd1#} Kd4 $8
42. Rc4+ (42. Nxf5+ Ke5 43. Ne3 $16) 42... Kd3 43. Rxb4 Nd4 44. Rc4 {/\45.Rc3+
Kd2 46.Nf1+ Kd1 47.Rd3+ +-} Ne2 $8 45. Rc2 f4 $1 $8 46. gxf4 (46. Rxe2 fxg3+
47. Ke1 g5 $1 $13 (47... Re6 $2 48. Rd2+ Kxe3 49. Re2+ Kxf3 50. Rxe6 g2 51. Rg6
$18) (47... Ra4 $5)) 46... Nxf4 47. Rc3+ Kd2 48. Nc4+ Kd1 49. Re3 Kc2 50. Re4
Nd3+ 51. Ke3 Nxb2 52. Nxb2 Kxb2 53. Re5 g6 54. Kf4 Kc3 55. Kg5 Kd4 56. Re8 Rb6
57. Re4+ Kd3 58. Kh6 Ra6 59. Re7 Ra4 60. Kg5 Ra6 61. Rf7 Ke3 {Hansen,Cu}
1/2-1/2

[Event "Linares 12th"]
[Site "Linares"]
[Date "1994.??.??"]
[Round "8"]
[White "Kamsky, Gata"]
[Black "Polgar, Judit"]
[Result "1/2-1/2"]
[WhiteElo "2695"]
[BlackElo "2630"]
[Annotator "Blatny,P"]
[PlyCount "65"]
[EventDate "1994.02.??"]
[EventType "tourn"]
[EventRounds "13"]
[EventCountry "ESP"]
[EventCategory "18"]
[SourceTitle "CBM 040"]
[Source "ChessBase"]
[SourceDate "1994.06.01"]
[SourceVersion "1"]
[SourceVersionDate "1994.06.01"]
[SourceQuality "1"]

1. e4 {Wedberg,T Ftacnik} e5 2. Nf3 Nc6 3. Bb5 a6 4. Ba4 Nf6 5. O-O Be7 6. Re1
b5 7. Bb3 O-O 8. c3 d5 9. exd5 Nxd5 10. Nxe5 Nxe5 11. Rxe5 c6 12. d4 Bd6 13.
Re1 Qh4 14. g3 Qh3 15. Be3 Bg4 16. Qd3 Rae8 17. Nd2 Re6 18. a4 f5 19. Qf1 Qh5
20. f4 bxa4 21. Rxa4 Rb8 22. Bxd5 cxd5 23. Qg2 (23. b3 Rbe8 24. Qf2 g5 25. fxg5
f4 $1 26. gxf4 Bh3 27. Rxa6 (27. Nf1 $2 Bxf1 28. Kxf1 Bxf4 $17 {
Ioseliani-Blatny,P/Baden-Baden/1988/}) 27... Qg4+ (27... Bxf4 28. Rxe6 Qg4+ 29.
Qg3 Bxg3 30. Rxe8+ Kf7 31. Re7+ $1 Kxe7 32. Bf2+ Kf7 33. Bxg3 Qf5 $14) 28. Qg3
Rxe3 29. Rxe3 Qd1+ 30. Qe1 Qg4+ 31. Qg3 Qd1+ $10) 23... Qe8 24. Qxd5 Kh8 25.
Nc4 (25. Nf1 $2 Bf3 26. Qxf5 Rf6 27. Qa5 Rb5 28. Qxa6 Bb7 29. Qa7 Qc6 $19 {Tal}
) 25... Bxf4 26. gxf4 Rg6 27. Nd6 (27. Kh1 $2 Qd7 28. Qg2 Bh3 {0:1/
Johansson-Mortensen/Glueksburg/1977/}) (27. Kf2 $6 Qxa4 28. Bd2 Bh3 29. Ne5
Rg2+ 30. Kf3 h6 $17 {Nunn}) 27... Bf3+ (27... Bh3+ 28. Kf2 Rxb2+ 29. Re2 Rg2+
30. Qxg2 Rxe2+ 31. Kxe2 Qh5+ 32. Qf3 Bg4 33. Qxg4 fxg4 34. Kd3 Qxh2 35. Rxa6
Qh1 36. Rb6 h6 $17 {o^g/Canfell-Blatny,P/Altensteig op/1988/}) 28. Kf1 Bxd5 29.
Nxe8 Rxb2 30. Re2 (30. Rd1 $2 {Ftacnik} Bf3 $1 (30... Bc6 31. Rb4 Rxb4 32. cxb4
Bxe8 33. d5 $14) (30... Bg2+ 31. Ke1 Re6 32. Rd2 Rxe3+ 33. Kf2 Rxd2+ 34. Kxe3
$13) 31. Rd2 (31. Rda1 Bg2+ 32. Ke1 Re6 33. Kd1 Rxe3 $19) 31... Rb1+ 32. Kf2
Bc6 $19) 30... Rb1+ 31. Re1 Rb2 $10 32. Re2 Rb1+ 33. Re1 (33. Re1 {Wedberg,T
This was a replay of 0,5/Tshuvasov-Eglitis/corr/1975/}) 1/2-1/2

[Event "Linares 12th"]
[Site "Linares"]
[Date "1994.??.??"]
[Round "9"]
[White "Kasparov, Garry"]
[Black "Kamsky, Gata"]
[Result "1-0"]
[WhiteElo "2805"]
[BlackElo "2695"]
[Annotator "Anand,V"]
[PlyCount "79"]
[EventDate "1994.02.??"]
[EventType "tourn"]
[EventRounds "13"]
[EventCountry "ESP"]
[EventCategory "18"]
[SourceTitle "CBM 040"]
[Source "ChessBase"]
[SourceDate "1994.06.01"]
[SourceVersion "1"]
[SourceVersionDate "1994.06.01"]
[SourceQuality "1"]

1. e4 {Kharitonov Bulletin} c6 2. d4 d5 3. Nd2 dxe4 4. Nxe4 Nd7 5. Ng5 Ngf6 6.
Bd3 {Not having achieved much with 6.Bc4 against Karpov two rounds earlier,
Garry changes tack} e6 7. N1f3 Bd6 8. Qe2 h6 9. Ne4 Nxe4 10. Qxe4 Qc7 (10...
Nf6 {Bulletin} 11. Qh4 (11. Qe2 {Kharitonov} c5 (11... Qc7 12. Bd2 b6 13. O-O-O
Bb7 14. Rhe1 O-O-O 15. Ba6 $14) 12. dxc5 Bxc5 13. Bd2 O-O 14. O-O-O $14) 11...
Ke7 $5 12. Ne5 Bxe5 13. dxe5 Qa5+ 14. c3 Qxe5+ 15. Be3 b6 16. O-O-O g5 17. Qa4
c5 18. Rhe1 Bd7 19. Qa3 Rhd8 $15 {Kamsky,G-Karpov,A Dortmund 1993}) 11. Qg4 g5
$6 {Not the best move. Better is 11...Kf8} (11... Kf8 $5 {Kharitonov} 12. O-O (
12. Bd2 b6 {/\Bb7,c5 /}) 12... c5 13. b3 e5 14. dxc5 Nxc5 15. Bf5 h5 $13 {
Gelfand,B-Speelman,J/Munchen/1992/0,5 (30) Inf 54/143/}) 12. Qh3 $1 (12. Qe4 {
Kharitonov} c5 (12... Nf6 13. Qe2 $14) 13. Bd2 c4 14. Bf1 Nb6 $13) 12... Rg8 (
12... Bf4 {Bulletin} 13. O-O Bxc1 14. Raxc1 Qf4 15. Rce1 b6 (15... g4 16. Qh4)
16. Re4 Qf6 17. Rfe1 {/\18.Rxe6} Kd8 18. Qg3 $16 {Benjamin,J-Andruet,G Paris
1989}) 13. Nd2 $1 {With two simple moves Kasparov obtains an advantage - Black
can't castle} (13. Qxh6 $2 {Bulletin} Bf8 14. Qh7 Nf6 15. Qh3 g4 16. Qh4 gxf3
17. Qxf6 fxg2 18. Rg1 Qxh2 $19) 13... Bf8 (13... Rh8 $2 {Kharitonov} 14. Ne4)
14. Ne4 Bg7 (14... b6 {Kharitonov} 15. O-O Bb7 16. f4 g4 17. Qh4 $16 (17. Qh5
$16)) 15. O-O $1 (15. c3 {Bulletin} c5 (15... e5 {Kharitonov} 16. O-O Nc5 17.
Qg3 Nxd3 18. Qxd3 Bd7 $13) 16. O-O b6 $132 {/\17...Bb7,18...0-0-0}) (15. Qe3 $5
{Kharitonov} b6 16. O-O Bb7 17. f4 $1 $16) 15... Bxd4 (15... b6 {Bulletin} 16.
f4 $1 g4 17. Qh5 Bb7 18. c3 {/\19.f5}) 16. Be3 (16. Qxh6 $4 {Bulletin} Rh8 $19)
(16. Kh1 {Kharitonov} Be5 17. g3 $5) 16... Be5 (16... Bxb2 17. Rad1 {seems
like pushing your luck!} (17. Rab1 {Bulletin} Be5 (17... Bg7 18. f4 $36) 18. g3
$36 {/\19.Qxh6,20.Bxg5} (18. Rfd1 {Kharitonov} Rh8 $5 19. Be2 b6 20. Bd4 Ke7
$13)) (17. Rad1 {Kharitonov} Be5 18. g3 $5)) (16... Bxe3 $2 {Kharitonov} 17.
fxe3 $16) (16... Bg7 {Kharitonov} 17. f4 $36) 17. Rad1 Nf6 $2 (17... b6 {
Bulletin /\18...Bb7,19...0-0-0} 18. Bc4 $1 $36 (18. g3 {Kharitonov} Bb7 19.
Qxh6 O-O-O $13) (18. Be2 Bb7 19. Bd4 O-O-O 20. Bxe5 Nxe5 21. Qxh6 g4 $13) 18...
Bb7 $2 19. Bxe6 $40) 18. Nxf6+ Bxf6 19. Bh7 $1 (19. Qxh6 {Bulletin} Rh8 20. Bh7
) 19... Rh8 20. Qxh6 Be7 (20... Qe7 {Bulletin} 21. Bc5 (21. Rd3 Bd7 22. Rfd1
O-O-O 23. Bxa7 Be5 24. Bb6 Bc7 25. Bxc7 Kxc7 26. Qg7 g4 27. g3) 21... Rxh7 (
21... Qxc5 {Kharitonov} 22. Qxf6 $18) 22. Rd8+ Qxd8 (22... Kxd8 {Kharitonov}
23. Bxe7+) 23. Qf8+ Kd7 24. Rd1+ Kc7 25. Rxd8 Bxd8 26. Qd6#) 21. Qg7 Rf8 22.
Rd3 Bd7 23. Bxg5 $18 (23. Rfd1 {Bulletin} O-O-O 24. Bxg5 $16) 23... Bxg5 24.
Qxg5 Qd8 25. Qe5 Qe7 26. Qc7 $1 {26.Rfd1 should also win of course but this is
more disruptive} Bc8 27. Qa5 b6 28. Qe5 $1 Ba6 (28... Bd7 {Bulletin} 29. Qc7
Qd8 30. Qb7 $18 Qc8 31. Rxd7) 29. Be4 Rc8 (29... Bxd3 {Bulletin} 30. Bxc6+ Kd8
31. Rd1 $1 $18) 30. c4 Rg8 (30... Bxc4 $2 31. Bxc6+ {Bulletin} Rxc6 32. Qb8+)
31. b3 Bb7 32. Rfd1 Ba8 (32... c5 {Bulletin} 33. Rd7 Qxd7 34. Rxd7 Kxd7 35.
Bxb7 $18) 33. c5 {Flashy} bxc5 (33... Qxc5 {Bulletin} 34. Qxc5 bxc5 35. Rd7 c4
36. Rxa7 cxb3 37. axb3 {/\38.Rda1} Kf8 $8 38. Rdd7 Rg7 39. h4 $18) 34. Rd6 c4 (
34... Rg5 {Bulletin} 35. Qh8+ Qf8 36. Rd8+ $18) 35. bxc4 c5 36. Bxa8 Rxa8 37.
Qxc5 Rb8 38. g3 Qb7 39. Qd4 Kf8 40. Qf6 (40. Qf6 {Bulletin} Qe7 41. Rd8+ Rxd8
42. Rxd8+ $18) 1-0

[Event "Linares 12th"]
[Site "Linares"]
[Date "1994.??.??"]
[Round "11"]
[White "Shirov, Alexei"]
[Black "Kamsky, Gata"]
[Result "1-0"]
[WhiteElo "2705"]
[BlackElo "2695"]
[Annotator "Boensch,U"]
[PlyCount "107"]
[EventDate "1994.02.??"]
[EventType "tourn"]
[EventRounds "13"]
[EventCountry "ESP"]
[EventCategory "18"]
[SourceTitle "CBM 040"]
[Source "ChessBase"]
[SourceDate "1994.06.01"]
[SourceVersion "1"]
[SourceVersionDate "1994.06.01"]
[SourceQuality "1"]

1. e4 c5 2. Nf3 e6 3. d4 cxd4 4. Nxd4 a6 5. Nc3 d6 6. Be3 (6. f4 b5 7. Bd3 Bb7
8. Qf3 (8. O-O Nf6 9. a3 Nbd7 10. Kh1 Be7 11. b4 O-O 12. Bb2 Rc8 13. Qe2 Nb6
14. e5 dxe5 15. fxe5 Nfd5 $17 {Adams,M-Anand,V EUCUP f (1) 1993 0-1 40 -CBM 39}
) 8... Nd7 9. Be3 Rc8 10. g4 Nc5 11. g5 Ne7 12. Nb3 Na4 13. Nxa4 bxa4 14. Nd2
d5 $10 {Anand,V-Wojtkiewicz,A Manila olm 1992 1/4 35}) (6. Bd3 Nf6 7. O-O Nbd7
8. a4 b6 9. Qe2 Bb7 10. Bd2 Be7 11. Kh1 O-O 12. f4 Nc5 13. b4 Nxd3 14. cxd3 Nd7
$10 {Van der Wiel,J-Polugaevsky,L Antwerpen (03) 1993 1-0 34}) (6. Be2 b5 7.
O-O Bb7 8. Bf3 Nd7 9. a4 b4 10. Na2 a5 11. c3 bxc3 12. Nxc3 Ngf6 13. Ndb5 Ne5
$10 {Vogt,L-Schlosser,P Altensteig (02) 1992 1/4 21}) 6... b5 7. a4 (7. g4 Bb7
8. Bg2 Nd7 9. Qe2 Rc8 10. O-O Qc7 11. a4 b4 12. Na2 Ngf6 13. Nxb4 Qc4 14. Nd3
Bxe4 15. Ra3 $1 $16 {Timman,J-Zapata,A Amsterdam OHRA I 1987 1-0 46}) 7... b4
8. Na2 Nf6 9. Nxb4 (9. f3 e5 10. Nb3 d5 11. Bd3 d4 12. Bd2 Nc6 13. O-O Be6 14.
Qe1 Qb8 15. Nac1 Bd6 $15 {Gipslis,A-Lazarev,V Alushta 1993 1-0 38}) 9... Bb7
10. Bd3 d5 11. c3 Nxe4 (11... dxe4 $5) 12. Bxe4 dxe4 13. Qh5 Qc8 14. O-O Be7
15. Bg5 Bxg5 16. Qxg5 O-O 17. Rad1 Nd7 18. a5 h6 19. Qg3 Nf6 20. Nbc2 Rb8 21.
Rc1 Bd5 22. b4 Bc4 23. Rfd1 Nd5 $15 24. Ne3 Nxe3 25. fxe3 Rd8 26. Qe5 Qb7 27.
Nc2 Bd3 28. Nd4 Rd5 29. Qg3 Rc8 30. Nb3 Rc6 31. Nc5 Rcxc5 $1 32. bxc5 Rxc5 33.
c4 $1 (33. Qd6 Qc8 34. c4 Rxc4 35. Rxc4 Qxc4 $17) 33... Rg5 34. Qe1 (34. Qd6 $2
Qb2 35. g3 Rf5 $19) 34... Qc7 35. c5 Rxc5 36. Rxc5 Qxc5 37. Rc1 Qg5 38. h4 Qe5
39. Qc3 Qg3 40. Qe1 Qg4 $2 (40... Qe5 41. Qc3 $10) 41. Rc5 $1 Kh7 (41... f6 42.
Rc7 e5 43. Kh2 Kh7 44. Qg3 Qxg3+ 45. Kxg3 h5 $14 (45... Kg6 $2 46. h5+ $16))
42. Kh2 g5 $6 (42... f5 43. Qg3 Qxg3+ 44. Kxg3 $16) 43. hxg5 hxg5 44. Rc8 $1
Kg6 $2 (44... f6 45. Qg3 Qxg3+ 46. Kxg3 Kg6 $14) 45. Rh8 $3 f6 46. Qc1 (46. Qc3
Bf1) 46... Qe2 47. Qc7 Kf5 48. Qh7+ Ke5 49. Qa7 Kf5 50. Rh6 Qf2 $2 (50... Kg4
$3 {Fritz} 51. Qb6 (51. Rxf6 Qe1 $10) (51. Qf7 Qxe3 52. Qh5+ Kf5 53. Qg6+ Kg4
$10) 51... Qf2 52. Qxe6+ f5 53. Qd6 Qxe3 54. Rh3 Qf4+ 55. Rg3+ Kh5 56. Qxf4 (
56. Qe7 g4 $10) 56... gxf4 57. Rg8 $10) 51. Kh3 $1 $18 g4+ 52. Kh2 g3+ 53. Kh3
Qe2 (53... Be2 54. Qc5+ e5 55. Qe7 $18) 54. Qg7 1-0

[Event "Amber-blindfold 03rd"]
[Site "Monte Carlo"]
[Date "1994.03.31"]
[Round "5"]
[White "Kortschnoj, Viktor Lvovich"]
[Black "Kamsky, Gata"]
[Result "0-1"]
[WhiteElo "2615"]
[BlackElo "2695"]
[PlyCount "40"]
[EventDate "1994.03.26"]
[EventType "tourn (rapid)"]
[EventRounds "11"]
[EventCountry "MNC"]
[EventCategory "16"]
[SourceTitle "CBM 040 Extra"]
[Source "ChessBase"]
[SourceDate "1994.07.01"]
[SourceVersion "1"]
[SourceVersionDate "1994.07.01"]
[SourceQuality "1"]

1. Nf3 Nf6 2. c4 e6 3. g3 d5 4. Bg2 c6 5. Qc2 Nbd7 6. d4 Be7 7. O-O O-O 8. Nbd2
b6 9. e4 Bb7 10. e5 Ne8 11. cxd5 cxd5 12. Rd1 Qc8 13. Qb3 a5 14. Ne1 Ba6 15.
Qe3 b5 16. f4 b4 17. Ndf3 Nb6 18. g4 f6 19. exf6 Nxf6 20. Qxe6+ Qxe6 0-1

[Event "Amber-blindfold 03rd"]
[Site "Monte Carlo"]
[Date "1994.04.06"]
[Round "10"]
[White "Kamsky, Gata"]
[Black "Anand, Viswanathan"]
[Result "1/2-1/2"]
[WhiteElo "2695"]
[BlackElo "2715"]
[PlyCount "94"]
[EventDate "1994.03.26"]
[EventType "tourn (rapid)"]
[EventRounds "11"]
[EventCountry "MNC"]
[EventCategory "16"]
[SourceTitle "CBM 040 Extra"]
[Source "ChessBase"]
[SourceDate "1994.07.01"]
[SourceVersion "1"]
[SourceVersionDate "1994.07.01"]
[SourceQuality "1"]

1. d4 Nf6 2. c4 g6 3. Nc3 d5 4. cxd5 Nxd5 5. Bd2 Nb6 6. Nf3 Nc6 7. Bf4 Bg7 8.
e3 O-O 9. Be2 Nb4 10. O-O N4d5 11. Be5 Bg4 12. Bxg7 Kxg7 13. Ne4 c6 14. Rc1 Nd7
15. a3 Qb6 16. Qd2 Bxf3 17. Bxf3 Rfd8 18. Rfd1 N5f6 19. Nc3 e5 20. Na4 Qb5 21.
Qc2 exd4 22. Rxd4 Qa5 23. Be2 Qc7 24. h3 Nb6 25. Rxd8 Rxd8 26. Nc5 Nbd7 27. Nb3
h5 28. Nd4 Qe5 29. Nf3 Qe7 30. Qa4 a6 31. Qb3 Nf8 32. Qc3 Kg8 33. Bc4 Nd5 34.
Qc2 Ne6 35. b4 Qf6 36. h4 Kg7 37. Qb3 Ndc7 38. a4 Rd6 39. Be2 Rd5 40. Bd3 Rd8
41. Bc4 Rd6 42. Qc2 Rd8 43. Rb1 Nd5 44. Rb3 Nb6 45. Bxe6 Qxe6 46. Rb1 Nd5 47.
Ng5 Qf6 1/2-1/2

[Event "Amber-rapid 03rd"]
[Site "Monte Carlo"]
[Date "1994.03.31"]
[Round "5"]
[White "Kamsky, Gata"]
[Black "Kortschnoj, Viktor Lvovich"]
[Result "1-0"]
[WhiteElo "2695"]
[BlackElo "2615"]
[PlyCount "87"]
[EventDate "1994.03.26"]
[EventType "tourn (rapid)"]
[EventRounds "11"]
[EventCountry "MNC"]
[EventCategory "16"]
[SourceTitle "CBM 040 Extra"]
[Source "ChessBase"]
[SourceDate "1994.07.01"]
[SourceVersion "1"]
[SourceVersionDate "1994.07.01"]
[SourceQuality "1"]

1. d4 Nf6 2. c4 e6 3. Nf3 b6 4. Nc3 Bb7 5. Bg5 Be7 6. e3 c5 7. Bd3 O-O 8. O-O
cxd4 9. exd4 d5 10. Qe2 dxc4 11. Bxc4 Nc6 12. Rad1 Na5 13. Bd3 Nd5 14. Bd2 Nb4
15. Bb1 g6 16. Rfe1 Rc8 17. Bh6 Re8 18. a3 Nd5 19. Ne4 Nc4 20. Bd3 Nd6 21. Neg5
Bf8 22. Bxf8 Rxf8 23. Qe5 Nf5 24. g4 Ng7 25. Qg3 h6 26. Ne4 Nf6 27. Nxf6+ Qxf6
28. Ne5 Rfd8 29. Bb1 Ne8 30. h4 Nd6 31. g5 hxg5 32. hxg5 Qh8 33. f3 Nf5 34.
Bxf5 exf5 35. Rd2 Qg7 36. Qf4 Rd5 37. Rde2 Qf8 38. Qh4 Rxe5 39. Rxe5 Bxf3 40.
R5e3 Bh5 41. Qf4 Kh7 42. Re7 Rc2 43. Qd6 Rxb2 44. Qf6 1-0

[Event "Las Palmas"]
[Site "Las Palmas"]
[Date "1994.??.??"]
[Round "1"]
[White "Kamsky, Gata"]
[Black "Adams, Michael"]
[Result "1-0"]
[WhiteElo "2695"]
[BlackElo "2660"]
[Annotator "Ribli,Z"]
[PlyCount "61"]
[EventDate "1994.05.??"]
[EventType "tourn"]
[EventRounds "9"]
[EventCountry "ESP"]
[EventCategory "17"]
[SourceTitle "CBM 042"]
[Source "ChessBase"]
[SourceDate "1994.10.01"]
[SourceVersion "1"]
[SourceVersionDate "1994.10.01"]
[SourceQuality "1"]

1. d4 {Hecht} Nf6 2. Nf3 d6 3. c4 Bg4 4. Nc3 Bxf3 $6 (4... Nbd7 $5) 5. gxf3 $5
g6 $6 (5... Nbd7 6. Qc2 c6 7. e3 g6 8. Bd2 Bh6 9. f4 $14 {Liberzon,V-Gipslis,A/
Tbilisi/1967/}) 6. Qb3 Qc8 7. Bh3 $1 Nfd7 (7... Qxh3 $2 8. Qxb7 $18) 8. e4 Bg7
9. Be3 O-O 10. f4 c5 (10... Nc6 11. O-O-O $14) 11. dxc5 $1 Nxc5 (11... dxc5 12.
O-O-O $14) 12. Bxc8 Nxb3 13. Bxb7 (13. axb3 Rxc8 14. Rxa7 Nc6 15. Rxa8 Rxa8 16.
Kd2 $14) 13... Bxc3+ (13... Nxa1 14. Kd2 $1 Nd7 15. Bxa8 Rxa8 16. Rxa1 $18) 14.
bxc3 Nxa1 15. Kd2 $1 Nd7 16. Bxa8 Rxa8 17. Rxa1 Nc5 (17... Rb8 18. Bxa7 Rb2+
19. Kd3 $18) (17... Nf6 18. f3 $18) 18. e5 $1 Ne6 19. exd6 exd6 20. Rb1 $1 Rc8
21. Bxa7 Rxc4 22. Rb4 $1 Rc6 (22... Rxb4 $2 23. cxb4 Nxf4 24. Bb8 $18) 23. a4
Ra6 24. Bb6 (24. Be3 $2 Nc5 $1) 24... Nxf4 25. a5 $1 (25. Rxf4 $2 Rxb6 26. a5
Rb2+ 27. Kd3 Ra2 $13) 25... Nd5 (25... g5 {Hecht} 26. Rd4 d5 27. c4 dxc4 28.
Rd8+ Kg7 29. Kc3 Ne6 30. Rc8 $18 {Kc4-b5}) 26. Kd3 $1 Kf8 27. Kc4 Nxb4 (27...
Ne7 28. Kb5 $18) 28. cxb4 Ke7 29. Kb5 Ra8 30. a6 Kd7 31. a7 (31. a7 Re8 32. Ka6
Kc6 33. b5+ Kd5 34. Ba5 $18 (34. Bc7 $18 {Hecht})) 1-0

[Event "Las Palmas"]
[Site "Las Palmas"]
[Date "1994.??.??"]
[Round "4"]
[White "Morovic Fernandez, Ivan"]
[Black "Kamsky, Gata"]
[Result "0-1"]
[WhiteElo "2605"]
[BlackElo "2695"]
[Annotator "Ftacnik,L"]
[PlyCount "74"]
[EventDate "1994.05.??"]
[EventType "tourn"]
[EventRounds "9"]
[EventCountry "ESP"]
[EventCategory "17"]
[SourceTitle "CBM 042"]
[Source "ChessBase"]
[SourceDate "1994.10.01"]
[SourceVersion "1"]
[SourceVersionDate "1994.10.01"]
[SourceQuality "1"]

1. Nf3 Nf6 2. c4 g6 3. Nc3 Bg7 4. e4 d6 5. d4 O-O 6. Be2 e5 7. d5 a5 8. Be3 Ng4
9. Bg5 f6 10. Bh4 h5 11. Nd2 Nh6 12. h3 Na6 13. a3 Bd7 14. Rb1 Nc5 15. b4 axb4
16. axb4 Na4 17. Nxa4 (17. Qc2 Nxc3 18. Qxc3 g5 19. Bg3 h4 20. Bh2 f5 21. c5 g4
$13 {Bareev,E-Kasparov,G/Tilburg/1991/}) 17... Bxa4 18. Qc1 g5 $5 (18... Qe8
19. f3 Bd7 20. c5 f5 21. O-O Nf7 22. exf5 gxf5 23. f4 exf4 $13 {Kumaran-Shirov,
A/Oakham/1992/}) 19. Bg3 h4 20. Bh2 Bd7 21. f3 f5 22. Bg1 g4 23. fxg4 $2 (23.
Be3) 23... fxg4 24. Be3 Qf6 25. c5 Qg6 26. Rg1 Nf7 27. cxd6 cxd6 28. Qc7 Bc8
29. Qc3 Bd7 30. Qc7 Rfd8 (30... Bc8) 31. Qxb7 $2 (31. g3 $5 $13) 31... Bh6 $1
32. Bxh6 (32. Bb6 Bxd2+ 33. Kxd2 Qxe4 34. Bxd8 Ra2+ $19) 32... Qxh6 33. Rf1 Qe3
34. Qc7 Rac8 35. Qb7 Rc2 36. Rd1 Ng5 37. Qa6 Qg3+ (37... Qg3+ 38. Rf2 Rxd2 $1
39. Rxd2 Nxe4 40. Bxg4 Bxg4 41. hxg4 Nxd2 $19) 0-1